| 000 | 00346pam a2200145 a 4500 | ||
|---|---|---|---|
| 020 | _c | ||
| 041 | _h | ||
| 082 |
_a741.58 _bDRA |
||
| 100 | _aChartes solomon. | ||
| 245 |
_aThe History of Animation _b The History of Animation _hTextual Documents |
||
| 250 | _a1994. | ||
| 260 |
_a[s.l]: _bWings Books |
||
| 300 |
_a356: _bHard. |
||
| 930 | _a1019 | ||
| 999 |
_c234809 _d234809 |
||